Most Corrupt Countries in the World - Statistics

General Stats
  • This quiz has been taken 173 times
    105 since last reset
  • The average score is 21 of 32
Answer Stats
# CPI Answer % Correct
6 16 Sudan
87%
9 18 D.R.Congo
83%
25 25 Nigeria
83%
1 12 Somalia
83%
9 18 North Korea
82%
4 15 Venezuela
82%
1 12 South Sudan
81%
17 21 Iraq
79%
12 19 Afghanistan
78%
3 14 Syria
78%
17 21 Chad
77%
25 25 Iran
77%
8 17 Libya
74%
4 15 Yemen
73%
12 19 Republic of Congo
72%
23 24 Zimbabwe
69%
17 21 Eritrea
67%
9 18 Haiti
64%
23 24 Honduras
61%
12 19 Turkmenistan
59%
25 25 Mozambique
58%
25 25 Cameroon
56%
22 22 Nicaragua
54%
25 25 Tajikistan
54%
25 25 Madagascar
53%
12 19 Burundi
52%
17 21 Cambodia
52%
12 19 Guinea Bissau
50%
25 25 Guatemala
49%
25 25 Lebanon
48%
6 16 Equatorial Guinea
42%
17 21 Comoros
39%
No matching quizzes found
Score Distribution
Percent of People with Each Score
Percentile by Number Answered
Your Score History
You have not taken this quiz since the last reset